00426 a2200133 450000500170000002000220001708200150003910000150005424500490006925000120011826000590013030000660018970000370025520250507111655.0 a978-1-259-25445-1 a658.3 NOE aNOE, R. A. aFundamentals of Human Resource Management . a6th Ed. aNew York,bMcgraw- Hill International Edition,c2014. axxxvii,568p.: Ill.;figures & picturebGlossary & Indexc25cm. aHOLLENBECK, J. R. & GERHART, B.